000 00490nam a2200181 i 4500
001 56067
003 ES-MaACL
005 20230906163257.0
007 t|
008 031002s1969 sp ||||1| spa d
100 1 _aDíaz-Plaja, Fernando,
_d1918-2012
_944396
245 1 0 _aCervantes /
_cFenando Díaz-Plaja.
250 _a[1ª ed.].
260 _aBarcelona :
_bEdisvensa,
_c[1969]
300 _a228 p. ;
_c18 cm.
852 _aES-MaACL
_jC-47106
_bR.73165
999 _c56067
_d56067